000 00594nam a2200205Ia 4500
003 GCL
008 140319s9999 xx 000 0 ara d
040 _aGCL /
_cGCL
082 0 4 _a332.46
_bس ا
100 1 _aسهير محمود معتوق
245 1 0 _aالاتجاهات الحديثة فى التحليل النقدى /
_cسهير محمود معتوق
300 _a240 ص
490 _aكتاب
_v0
650 0 4 _aالاقتصاد
650 0 4 _aالاستثمار
650 0 4 _aنظريات
650 0 4 _aالنقود
650 0 4 _aالسياسة النقدية
942 _2ddc
_cBK
999 _c41543
_d41543